Statistics for Go Hard On Your Knowledge #5

Click here to take the quiz!

General Stats

  • This quiz has been taken 13 times
  • The average score is 10 of 25

Answer Stats

HintAnswer% Correct
What is the name given to the dormant behaviour of certain species during periods of extrem cold?Hibernation
92%
What was Christopher Columbus' nationality?Italian
92%
What was Princess Diana's maiden name?Spencer
75%
What Olympic symbol can never be extinguished?Torch
75%
How many players are in a quidditch team?7
67%
Another name for crow?Raven
67%
In what year did he discovered America?1492
58%
Who sings Fireworks, Dark Horse and Chained to The Rhythm?Katy Perry
58%
What movie character said "Do or do not. There is no try"?Yoda
50%
What was the name given to South African settlers of Dutch origin?Boers
42%
Which 1981 video game consisted on a toad that had to cross a road and a river to get to the other side?Frogger
42%
What's the chemical symbol for antimony?Sb
42%
The painter Diego Riviera was the husband of what another famous artist?Frida Kahlo
33%
In which Spanish city can we visit Metropol Parasol and the Giralda Tower?Seville
33%
Damien Hirst 'The Physical Impossibilities of Death in the Mind of Someone Living' consists of what species of shark?{Tiger} Shark
33%
Emetophobia is the fear of what?Vomit
33%
What is the ultimate fate for a solar-type star?White Dwarf
25%
Which pharaoh had the Great Pyramid of Giza built?Khufu
17%
What name is given to the ceremonial high hat worn by the pope?Mitre
17%
Aleksander Ceferin is the current president of which football institution?UEFA
17%
What river waters the mentioned city?Yangtze
17%
In which city was the House of Wisdom located (from the 9th to the 13th century)?Baghdad
8%
What is the most populated city in the world?Chongqing
8%
Vexicology is the study of what?Flags
8%
Which famous English archaeologist was responsible for the discovery of the tomb of Tutankhamon in 1922?Howard Carter
8%

Score Distribution

Percentile by Number Answered

Percent of People with Each Score

Your Score History

You have not taken this quiz